Normal view
MARC view
- THOMPSON, N. H ,JONES, B. E
Entry Personal Name
001 - CONTROL NUMBER
- control field: 74447
003 - CONTROL NUMBER IDENTIFIER
- control field: NUST
005 - DATE AND TIME OF LATEST TRANSACTION
- control field: 20210628205220.0
008 - FIXED-LENGTH DATA ELEMENTS
- fixed length control field: 210628|| aca||aabn | a|a d
040 ## - CATALOGING SOURCE
- Original cataloging agency: NUST
- Transcribing agency: NUST
100 ## - HEADING--PERSONAL NAME
- Personal name: THOMPSON, N. H ,JONES, B. E
670 ## - SOURCE DATA FOUND
- Source citation: Work cat.: (NUST): TYTLER, I. F. B 74446, VEHICLES AND BRIDGING, 1995
